Statistics for Elements with the Longest Names

Click here to take the quiz!

General Stats

  • This quiz has been taken 35 times
  • The average score is 10 of 20

Answer Stats

Letters Element % Correct
13Rutherfordium
86%
11Einsteinium
79%
11Californium
66%
12Praseodymium
59%
10Lawrencium
55%
12Protactinium
55%
10Tennessine
55%
12Darmstadtium
52%
11Roentgenium
52%
10Molybdenum
52%
11Livermorium
45%
11Mendelevium
45%
10Seaborgium
45%
11Copernicium
41%
10Promethium
41%
10Gadolinium
38%
10Technetium
34%
10Phosphorus
34%
10Dysprosium
34%
10Meitnerium
31%

Score Distribution

Percentile by Number Answered

Percent of People with Each Score

Your Score History

You have not taken this quiz